Vista normal Vista MARC

Entrada Personal Name

Número de registros utilizados en: 1

001 - CONTROL NUMBER

  • control field: 36103

003 - CONTROL NUMBER IDENTIFIER

  • control field: OSt

005 - DATE AND TIME OF LATEST TRANSACTION

  • control field: 20210315131028.0

008 - FIXED-LENGTH DATA ELEMENTS

  • fixed length control field: 210315|| aca||aabn | a|a d

040 ## - CATALOGING SOURCE

  • Original cataloging agency: OSt
  • Transcribing agency: OSt

100 ## - HEADING--PERSONAL NAME

  • Personal name: Wurmbrand, Richard,
  • Dates associated with a name: 1909-2001
  • Form subdivision: Cristianismo
  • General subdivision: Biografía

670 ## - SOURCE DATA FOUND

  • Source citation: Work cat.: (OSt): Wurmbrand, Richard, autor 36102, Cristo en la senda judía / , 2013